Nakupovanie v roku 2030

Svet nakupovania sa výrazne mení, príkladom je premena nákupných centier na spoločenské centrá. Tento trend je zrejmý už dnes. Zmeny vo svete obchodu sa týkajú nákupných centier, čerpacích staníc aj maloobchodného predaja. Každá zmena by mala zahŕňať prípravu na aplikáciu nových technológií. Trendom...

Full description

Saved in:
Bibliographic Details
Format: Book Chapter
Language:Slovak
Subjects:
Tags: Add Tag
No Tags, Be the first to tag this record!

MARC

LEADER 00000naa a2200000 4500
001 0240899
005 20180306102242.3
041 0 |a slo 
044 |a SK 
245 1 0 |a Nakupovanie v roku 2030 
520 |a Svet nakupovania sa výrazne mení, príkladom je premena nákupných centier na spoločenské centrá. Tento trend je zrejmý už dnes. Zmeny vo svete obchodu sa týkajú nákupných centier, čerpacích staníc aj maloobchodného predaja. Každá zmena by mala zahŕňať prípravu na aplikáciu nových technológií. Trendom je tzv. leisure centrum, primárne zameraný na trávenie voľného času. Zmeny nastali napr. aj v potravinách, s nákupom potravín online a donáškou do domu to skúšajú veľké siete aj regionálni predajcovia. 
610 2 0 |a maloobchod 
610 2 0 |a prognózovanie 
610 2 0 |a centrá obchodné 
610 2 0 |a spokojnosť zákazníkov 
610 2 0 |a stanice čerpacie